000 00366nam a2200157Ia 4500
003 Ost
005 20260225132550.0
008 260225s9999||||xx |||||||||||||| ||und||
040 _cfsic
041 _afre
082 _a440
100 _aNicole Grimaud
_eAuteur
245 0 _aLa politique extérieure de l'Algérie /
245 0 _cNicole Grimaud
942 _cكتاب
999 _c34091
_d34091